000 00714nam a2200217 a 4500
001 000025848
005 20200930024109.0
008 110223s1977 sp a r 000 0 spa d
020 _a8427110642
040 _aDO-SdBNP
_bspa
_cBNPHU
041 1 7 _aspa
_hfre
_2Código de idiomas MARC
082 _ann*
_bnn*
100 1 _aRideau, Alain.
_952679
240 1 0 _aComment connaitre son enfant.
_lEspañol
245 1 0 _aConocer a los demas su hijo /
_cAlain Rideau ; traducción de Juan José Ferrero.
260 _aMadrid :
_bMensajero,
_c1977.
300 _a253 p. :
_bil. ;
_c23 cm.
534 _aObra francesa titulada :
_tComment connaitre son enfant
700 1 _aFerrero, Juan José,
_etr.
_942232
049 _aBNGR
999 _c25340
_d25340